000
00360nam a2200133Ia 4500
003
GCL
008
140319s9999 xx 000 0 ara d
040
_a
GCL /
_c
GCL
082
0
4
_a
412
_b
ب م
100
1
_a
بشر فارس
245
1
0
_a
مباحث عربية /
_c
بشر فارس
300
_a
147 ص
490
_a
الهيئة العامة للاستعلامات
_v
0
999
_c
51191
_d
51191